Ekonómia II. /
Salvato in:
| Autori principali: | , |
|---|---|
| Natura: | Libro |
| Lingua: | slovacco |
| Pubblicazione: |
Bratislava :
Bradlo,
1992
|
| Edizione: | 13.vyd., (v BRADLE 1.vyd.) |
| Tags: |
Nessun Tag, puoi essere il primo ad aggiungerne!!
|
MARC
| LEADER | 00000nam a22000003a 4500 | ||
|---|---|---|---|
| 001 | stu2833 | ||
| 005 | 20240719124048.8 | ||
| 008 | 930111s1992----cs------------------slo-d | ||
| 020 | |a 80-7127-031-8 | ||
| 040 | |a STU |b slo | ||
| 041 | 0 | |a slo | |
| 044 | |a cs | ||
| 080 | |a 65.8 |7 stu_us_auth*stu7876 | ||
| 100 | 1 | |a Samuelson, Paul A |4 aut | |
| 245 | 1 | |a Ekonómia II. / |c [aut.] Samuelson,Paul A.; Nordhaus,William D | |
| 250 | |a 13.vyd., (v BRADLE 1.vyd.) | ||
| 260 | |a Bratislava : |b Bradlo, |c 1992 | ||
| 300 | |a 550 s | ||
| 700 | 1 | |a Nordhaus, William D |4 aut | |
| 996 | |b 284EK08744 |c E*77759 |l EE0101 |s P |a 0 |w stu2833_0001 | ||
| 996 | |b E77804 |c R*77804 |l RRUM |s A |a 24 |w stu2833_0002 | ||
| 996 | |b 284EK08743 |c E*77879 |l EE01 |s A |a 24 |w stu2833_0003 | ||
| 996 | |b 284EK08742 |c E*77880 |l EE01 |s A |a 24 |w stu2833_0004 | ||
| 996 | |b 284EK08741 |c E*77881 |l EE01 |s A |a 24 |w stu2833_0005 | ||
| 996 | |b 284EK08745 |c E*77758 |l EE01 |s A |a 24 |w stu2833_0006 | ||